000 00620nam a2200229Ia 4500
003 OSt
005 20220926044737.0
006 a|||||r|||| 00| 0
007 ta
008 220923b |||||||| |||| 00| 0 eng d
037 _cGeneral Book
040 _aRTL
_cRTL
_beng
041 _2eng
_aeng
082 _aV1N48.N6, K3
100 _aRajan M S
245 0 _aPost war transformation of the commonwealth
_bReflec
260 _c1963
490 _aInternational studies series occasional papers,3
650 _aHistory
942 _hV1N48.N6, K3
_cGB
_2CC
999 _c675676
_d675676